000 00618nam a22001937a 4500
005 20251108165916.0
008 250721s1993 xx 000 0 ara d
082 1 4 _a781.621/مهد
100 1 _aالمهدي، صالح
245 1 0 _aالموسيقى العربية :
_bمقامات و دراسات (صور و تمارين موسيقية) /
264 1 _aبيروت :
_bدار الغرب الاسلامي،
_c1993.
300 _a286ص.
650 1 7 _aالمقامات
650 1 7 _aالموشحات
650 1 7 _aالغناء
650 1 7 _aالموسيقى العربية
942 _2ddc
_cBK
999 _c34540
_d34540